Pénzpiaci szegmensek - szegmentált irányítás.
Štúdia o súčasných segmentoch bankovníctva a trhu peňazí v Maďarsku. Inflácia a peňažný systém. Dôsledky monetárneho systému v minulosti a umelého riadenia hospodárstva cez monopolné banky. Riadenie bankovníctva, postupné zriaďovanie nových bánk - stavebných, obchodných, poštových, devízových atď. P...
Guardado en:
| Autor principal: | |
|---|---|
| Formato: | Capítulo de libro |
| Lenguaje: | húngaro |
| Materias: | |
| Etiquetas: |
Sin Etiquetas, Sea el primero en etiquetar este registro!
|
MARC
| LEADER | 00000naa a2200000 4500 | ||
|---|---|---|---|
| 001 | r010902 | ||
| 005 | 20221125113736.9 | ||
| 041 | 0 | |a hun | |
| 044 | |a HU | ||
| 245 | 1 | 0 | |a Pénzpiaci szegmensek - szegmentált irányítás. |c J. Király |
| 520 | |a Štúdia o súčasných segmentoch bankovníctva a trhu peňazí v Maďarsku. Inflácia a peňažný systém. Dôsledky monetárneho systému v minulosti a umelého riadenia hospodárstva cez monopolné banky. Riadenie bankovníctva, postupné zriaďovanie nových bánk - stavebných, obchodných, poštových, devízových atď. Pohyb úrokových mier a ich ovplyvňovanie domácimi i zahraničnými podnikateľskými aktivitami. | ||
| 610 | 2 | 0 | |a bankovníctvo |
| 610 | 2 | 0 | |a trh peňažný |
| 610 | 2 | 0 | |a MR |
| 610 | 2 | 0 | |a inflácia |
| 610 | 2 | 0 | |a sústava peňažná |
| 610 | 2 | 0 | |a riadenie NH |
| 610 | 2 | 0 | |a banky |
| 610 | 2 | 0 | |a miera úroková |
| 610 | 2 | 0 | |a podnikanie |
| 100 | 1 | |a Király, J. | |